000 00408cam a2200169 4500
001 D12352
008 090401t1879 xxu||||| |||| 00| 0 eng d
035 _a(Sirsi) u2811
041 _aeng
100 _aCastle, Edward James
245 2 _aA practical treatise of the law of rating
260 _aLondon
_bStevens and Sons
_c1879
350 _a0
520 _aShelf 114
942 _n0
948 _c04/03/1997
999 _c85814
_d85814